|
|
|
|
| LEADER |
00000nab a2200000 a 4500 |
| 001 |
vtls010477223 |
| 003 |
SK-MaSNL |
| 005 |
20260304154851.0 |
| 008 |
250507 2011 xo 000 0 slo |
| 015 |
|
|
|a SNBRB2012/07
|
| 035 |
|
|
|a (uuid)5d027a8f-fd3e-4542-9f15-9b7c6f996867
|
| 035 |
|
|
|a urn:nbn:sk:snk-abevgn
|
| 035 |
|
|
|a (urnnbn)urn:nbn:sk:snk:ar-000ck3
|
| 038 |
|
|
|a SNKBUCL
|
| 040 |
|
|
|a SNKBUCL
|b slo
|c SNKBUCL
|e AACR2
|
| 041 |
0 |
|
|a slo
|
| 044 |
|
|
|a xo
|c SK
|
| 080 |
|
|
|a 82.09:821.162.4-31
|x (048)
|2 2001
|
| 080 |
|
|
|a 821.162.4-31
|x (048)
|2 2001
|
| 100 |
1 |
|
|a Vlnka, Jaroslav,
|d 1971-
|4 aut
|9 103665
|
| 245 |
1 |
0 |
|a Gabriela Alexová: Trojka
|c Jaroslav Vlnka
|
| 650 |
0 |
7 |
|a slovenské romány
|2 snkbucl
|9 103163
|
| 655 |
|
7 |
|a recenzie
|2 snkbucl
|9 21907
|
| 773 |
0 |
|
|t Slovenské pohľady
|g Roč. IV.+127, č. 11 (2011), s. 131-133
|x 1335-7786
|
| 787 |
0 |
8 |
|i Rec.:
|a Alexová, Gabriela, 1975-
|t Trojka
|d Bratislava : Slovart, 2009
|z 9788080859978
|
| 850 |
|
|
|a Slovenská národná knižnica
|
| 852 |
|
|
|a Slovenská národná knižnica
|
| 958 |
|
|
|a article27
|
| 958 |
|
|
|a LX
|
| 958 |
|
|
|a RC
|
| 958 |
|
|
|a OND
|
| 958 |
|
|
|a EUIPO
|
| 999 |
|
|
|c 2959621
|d 2961551
|